Statistics for Dark Horse Tracklist (Destroy Lonely)

Click here to take the quiz!

General Stats

  • This quiz has been taken 3 times
  • The average score is 2 of 8

Answer Stats

HintAnswer% Correct
7Vvs Valentine
100%
8Frank Lucas
50%
2Place
50%
44Seasons
0%
3Different Drugz
0%
1Eazy
0%
5Guap, Glock, ND Sticks
0%
6Trapped On Marz
0%

Score Distribution

Percentile by Number Answered

Percent of People with Each Score

Your Score History

You have not taken this quiz